| 000 | 01151nam a2200217Ia 4500 | ||
|---|---|---|---|
| 003 | Ost | ||
| 005 | 20260507075604.0 | ||
| 008 | 260507s9999||||xx |||||||||||||| ||und|| | ||
| 040 | _cfsecg | ||
| 041 | _aara | ||
| 082 | _a338.7 | ||
| 100 |
_aعباس، علاء _eمؤلف |
||
| 245 | 0 |
_aريادة الأعمال والمشروعات الصغيرة : _bمفهوم المبادرة - استراتيجية المبادرة - تحليل الفرص المحلية والدولية / _c علاء عباس |
|
| 260 |
_aالإسكندرية: _bدار التعليم الجامعي, _c(د.ت) |
||
| 300 |
_a160 صفحة؛ _bإيضاحات ؛ _c24 سم |
||
| 520 | _aتناول هذا الكتاب موضوع ريادة الأعمال والمشروعات الصغيرة من خلال التطرق اللى مفهوم واستراتيجية المبادرة وطريقة تفكير المبادر ، بالاضافة الى تحديد وتحليل الفرص المحلية والدولية | ||
| 653 | _aإدارة الأعمال | ||
| 653 | _aالمشروعات | ||
| 700 |
_aالسلامي، محمد _eمؤلف ثانوي |
||
| 942 | _cكتاب | ||
| 999 |
_c45033 _d45033 |
||